Szczegóły MARC21

Psychologia społeczna : [rozwiązane tajemnice] /

003 -Nazwa inst., której nr kontr. jest w polu 001 [,]
    • @
    • Nazwa instytucji, której n kontrolny jest w polu 001
    • NUKAT
005 -DATA I CZAS OSTATNIEJ MODYFIKACJI [,]
    • @
    • pole kontrolne
    • 20241231085302.0
020 -Międzynarod. znormalizowany nr książki - ISBN [ , ]
    • a
    • Numer ISBN
    • 8387957623 Find
040 -Instytucja sporządzająca opis [ , ]
    • a
    • Instytucja, która sporządziła opis (NP)
    • KAT U/DL
    • c
    • Instytucja, która sporządziła rekord (NP)
    • KAT U/DL
    • d
    • Instytucja, która zmodyfikowała rekord (P)
    • KAT U/AR
    • d
    • Instytucja, która zmodyfikowała rekord (P)
    • WA U/PE
    • d
    • Instytucja, która zmodyfikowała rekord (P)
    • LUBL M/KWs
    • d
    • Instytucja, która zmodyfikowała rekord (P)
    • WA 732/EP
041 -Język dokumentu [1, ]
    • a
    • Język tekstu (P)
    • polski
    • h
    • Język tekstu oryginalnego i/lub pośredniego (P)
    • angielski
942 -Rodzaj dokumentu [ , ]
    • c
    • Rodzaj dokumentu
    • Książka
100 -Hasło główne - nazwa osobowa [1, ]
    • a
    • Nazwa osobowa (NP)
    • Kenrick, Douglas T.
    • 9
    • KHW
    • 69131
245 -Strefa tytułu i oznaczenia odpowiedzialności [1,0]
    • a
    • Tytuł
    • Psychologia społeczna : Find
    • b
    • Ciąg dalszy tytułu (NP)
    • [rozwiązane tajemnice] / Find
    • c
    • Pozostałe elementy strefy tytułu i oznaczenia odpowiedzialności (NP)
    • Douglas T. Kenrick, Steven L. Neuberg, Robert B. Cialdini ; przekł. Agnieszka Nowak [et al.].
246 -Wariant tytułu [1, ]
    • i
    • Tekst wyświetlany na ekranie monitora (NP)
    • Tyt. oryg.:
    • a
    • Tytuł (NP)
    • Social psychology :
    • b
    • Ciąg dalszy tytułu (NP)
    • unraveling the mystery
260 -Strefa adresu wydawniczego [ , ]
    • a
    • Miejsce wydania (P)
    • Gdańsk :
    • b
    • Nazwa wydawcy (P)
    • Gdańskie Wydaw. Psychologiczne,
    • c
    • Data wydania (P)
    • 2002.
300 -Strefa opisu fizycznego [ , ]
    • a
    • Określenie formy książki i/lub objętość (NP)
    • 808 s. :
    • b
    • Oznaczenie ilustracji (NP)
    • il., rys., wykr. ;
    • c
    • Format (NP)
    • 24 cm.
336 -Typ zawartości [ , ]
    • a
    • Termin opisujący typ zawartości
    • Tekst
    • b
    • Kod określający zawartość
    • txt
    • 2
    • Źródło (terminu i kodu)
    • rdacontent
337 -Typ mediów [ , ]
    • a
    • Tryb odtwarzania
    • Bez urządzenia pośredniczącego
    • b
    • Kod typu mediów
    • n
    • 2
    • Źródło (terminu i kodu)
    • rdamedia
338 -Typ/rodzaj nośnika [ , ]
    • a
    • Hasło opisujące typ nośnika
    • Wolumin
    • b
    • Kod typu nośnika
    • nc
    • 2
    • Źródło (terminu i kodu)
    • rdacarrier
504 -Uwaga dot. bibliogr. załącznikowej [ , ]
    • a
    • Uwaga dot. bibliografii załącznikowej
    • Bibliogr. s. 733-788.
504 -Uwaga dot. bibliogr. załącznikowej [ , ]
    • a
    • Uwaga dot. bibliografii załącznikowej
    • Indeksy.
080 -Uniwersalna Klasyfikacja Dziesiętna [ , ]
    • a
    • Symbol klasyfikacji
    • 316.6
    • 9
    • UKD
    • 2822
    • 2
    • Identyfikator wydania tablic
    • UDC-P058
    • b
    • Dopowiedzenie
    • Psychologia społeczna. Zachowania społeczne. Aktywność i bierność w zachowaniu społecznym. Motywacje ludzkiego zachowania. Potrzeby. Aspiracje.
650 -Hasło przedmiotowe [ ,7]
    • a
    • Hasło przedmiotowe
    • Psychologia społeczna
    • v
    • Określnik formalny
    • podręczniki akademickie.
    • 2
    • Źródło terminu
    • kaba
    • 9
    • KHW
    • 370475
980 -Symbol UKD [ , ]
    • a
    • UKD
    • 316.6
700 -Hasło dodatkowe - nazwa osobowa [1, ]
    • a
    • Nazwa osobowa (NP)
    • Neuberg, Steven L. Find
    • 9
    • KHW
    • 701837
700 -Hasło dodatkowe - nazwa osobowa [1, ]
    • a
    • Nazwa osobowa (NP)
    • Cialdini, Robert B. Find
    • d
    • Daty biograficzne (NP)
    • (1945- ).
    • 9
    • KHW
    • 51056
700 -Hasło dodatkowe - nazwa osobowa [1, ]
    • a
    • Nazwa osobowa (NP)
    • Nowak-Młynikowska, Agnieszka. Find
    • e
    • Określenie rodzaju współpracy
    • Tł.
    • 9
    • KHW
    • 21786
710 -Hasło dodatkowe - nazwa ciała zbiorowego [2, ]
    • a
    • Nazwa ciała zbiorowego lub nazwa geograficzna jako pierwszy element (NP)
    • Gdańskie Wydawnictwo Psychologiczne.
    • 4
    • Kod relacji
    • pbl
    • 9
    • KHW
    • 51613
856 -Dostęp do wersji elektronicznej [4,1]
    • 3
    • Wyszczególnienie materiału
    • Spis treści
920 -ISBN [ , ]
    • a
    • ISBN
    • 83-87957-62-3 Find
Lokalizacja Data inwentaryzacji Numer inwentarzowy Status udost. Sygnatura
BE2005-01-31S.91527-2 
BG2003-04-10Z.997811Z.99781
BG2003-05-08WM.760-5WM.760
BG2003-04-10WM.761-5WM.760
BG2003-04-10WM.762-5WM.760
BG2003-12-18WM.1496-5WM.760
BG2003-12-18WM.1497-6WM.760
BG2003-12-18WM.1498-5WM.760
BG2003-12-18WM.14992WM.760
BG2003-12-18WM.15002WM.760
BG2003-12-18WM.15012WM.760
BG2003-12-18Pd.15967-3 
BNS2005-02-01H.135122 
T2004-12-21T.8313-2T.8313